banner-ar

احلام الحيوانات / (Record no. 60831)

MARC details
000 -الفاتح
حقل البيانات ثابتة الطول 00715nam a22002177a 4500
005 - وقت وتاريخ اخر تعامل مع التسجيلة
رقم الضبط 20240530110430.0
008 - عناصر البيانات ثابتة الطول - معلومات عامة
حقل البيانات ثابتة الطول 150330s2011 ua o a 000 0 ara d
017 ## - رقم الايداع القانونى
رقم الايداع القانونى 2011/4646
المصدر ( الهيئة المختصة) مصر . دار الكتب المصرية
020 ## - الرقم الدولى المعيارى للكتب
الرقم الدولى المعيارى للكتاب 9789770930129
040 ## - مصدر الفهرسة
وكالة الفهرسة الأصلية EG-CaGPL
082 04 - رقم تصنيف ديوى العشرى
رقم الطبعة 21
رقم التصنيف 813.02
رقم المادة ط/و أ
100 0# - المدخل الرئيسى - إسم شخصى
الإسم الشخصى وليد طاهر
245 10 - بيان العنوان
العنوان احلام الحيوانات /
بيان المسئوليه,etc تاليف و رسوم وليد طاهر.
250 ## - بيان الطبعة
بيان الطبعة ط1.
260 ## - PUBLICATION, DISTRIBUTION, ETC. (IMPRINT)
تاريخ النشر أو التوزيع 2011.
300 ## - الوصف المادى
التعداد 27 ص :
تفاصيل ماديه اخرى للوعاء رسوم ؛
أبعاد الوعاء 22 سم.
650 04 - المدخل الاضافى بالموضوع-مصطلح موضوعى
مصطلح موضوعي الحيوانات
التقسيم الفرعي العام قصص
650 04 - المدخل الاضافى بالموضوع-مصطلح موضوعى
مصطلح موضوعي قصص الاطفال
942 ## - عناصر المدخل الإضافي( كوها)
مصدر التصنيف او مخطط الترفيف Dewey Decimal Classification
Koha [default] item type كتاب
260 ## - PUBLICATION, DISTRIBUTION, ETC. (IMPRINT)
-- القاهرة :
-- دار الشروق ،
Holdings
حالة التراجع حالة الفقد حالة تلف ليس للاعارة المكان المؤقت الموقع الحالى تاريخ الاكتساب اجمالي اﻻعارات رقم الطلب الباركود تاريخ اخر مشاهدة تاريخ تفعيل السعر نوع وعاء كوها
        مكتبة القاهرة الكبرى مكتبة القاهرة الكبرى 03/30/2015   813.02 ط/و أ 159997 03/30/2015 03/30/2015 كتاب

Powered By

EGPV